Famous Cantopop Singers (and Band) - Statistics

General Stats
  • This quiz has been taken 180 times
    155 since last reset
  • The average score is 28 of 68
Answer Stats
Hint Answer % Correct
90s Andy Lau
85%
90s Leon Lai
82%
90s Jacky Cheung
81%
90s Aaron Kwok
78%
80s Alan Tam
78%
80s Leslie Cheung
78%
90s Eason Chan
76%
80s Anita Mui
73%
90s Beyond
73%
90s Joey Yung
71%
90s Hacken Lee
66%
70s Sam Hui
65%
00s Twins
61%
90s Sammi Cheng
58%
70s George Lam
56%
00s Hins Cheung
55%
90s Miriam Yeung
55%
90s Andy Hui
54%
80s Danny Chan
54%
80s Sally Yeh
54%
90s Leo Ku
53%
70s Roman Tam
53%
90s Faye Wong
51%
90s Grasshopper
50%
90s Sandy Lam
48%
90s Kelly Chen
47%
80s Priscilla Chan
45%
80s Teresa Carpio
41%
90s Jordan Chan
37%
80s Kenny Bee
37%
90s Shirley Kwan
36%
00s Kay Tse
35%
00s Gloria Tang
34%
70s Paula Tsui
34%
90s Gigi Leung
33%
80s Taichi
33%
70s The Wynners
33%
00s Fiona Sit
32%
90s Nicholas Tse
32%
90s Ronald Cheng
31%
80s Adam Cheng
30%
90s Cass Phang
29%
00s Denise Ho
29%
90s Julian Cheung
29%
90s William So
29%
00s Justin Lo
28%
00s Raymond Lam
28%
70s Frances Yip
27%
00s Ivana Wong
27%
80s David Lui
26%
00s Janice M. Vidal
25%
70s Jenny Tseng
25%
80s Liza Wang
25%
70s Michael Kwan
25%
90s Candy Lo
24%
90s Edmund Leung
24%
80s Maria Cordero
24%
90s Vivian Chou
24%
90s Alex To
23%
90s Dave Wang
23%
00s Jade Kwan
21%
90s Anthony Wong
20%
00s Khalil Fong
20%
00s Linda Chung
19%
80s Kenneth Choi
17%
00s Vincy Chan
15%
00s Aarif Rahman
13%
00s Soler
12%
No matching quizzes found
Score Distribution
Percent of People with Each Score
Percentile by Number Answered
Your Score History
You have not taken this quiz since the last reset